| 000 | 00889nam a22001817a 4500 | ||
|---|---|---|---|
| 008 | 110711s1964 ua|||||| ||| 00| 0 arad | ||
| 082 |
_222 _a355.031 _bل و ي |
||
| 100 |
_926269 _aلوينستين، ه |
||
| 245 |
_aحلف شمال الأطلنطي : _bوالدفاع عن الغرب / _cتأليف ه. لوينستين؛ ترجمة وتعليق محمد طلعت حسن علي |
||
| 246 | _aNATO and the Defense of the West | ||
| 260 |
_aالقاهرة : _bمكتبة الأنجلو المصرية، [1964?] _c[1964?] |
||
| 300 |
_a302 ص : _bصور ؛ _c24 cm. |
||
| 650 |
_926270 _aحلف الأطلنطي |
||
| 653 |
_bPol _cJuly2011 |
||
| 700 |
_926268 _aعلي، محمد طلعت حسن _eترجمة وتعليق |
||
| 942 |
_2ddc _cBB |
||
| 999 |
_c15674 _d15674 |
||